Graphs, combinatorics, algorithms and applications (Record no. 67106)
[ view plain ]
| 000 -LEADER | |
|---|---|
| fixed length control field | 00941nam a2200277 a 4500 |
| 001 - CONTROL NUMBER | |
| control field | 67106 |
| 003 - CONTROL NUMBER IDENTIFIER | |
| rucl marc code | BD-RjUL |
| 005 - DATE AND TIME OF LATEST TRANSACTION | |
| control field | 20211209081621.0 |
| 008 - FIXED-LENGTH DATA ELEMENTS--GENERAL INFORMATION | |
| fixed length control field | 170322s2005 ii 100 0 eng d |
| 020 ## - INTERNATIONAL STANDARD BOOK NUMBER | |
| Canceled/invalid ISBN | 81731961125 |
| 035 ## - SYSTEM CONTROL NUMBER | |
| System control number | (BD-RjUL)67237 |
| 040 ## - CATALOGING SOURCE | |
| Original cataloging agency | BD-RjUL |
| Language of cataloging | eng |
| Transcribing agency | BD-RjUL |
| Modifying agency | BD-RjUL |
| 041 ## - LANGUAGE CODE | |
| Language code of text/sound track or separate title | eng |
| 082 ## - DEWEY DECIMAL CLASSIFICATION NUMBER | |
| Edition number | 23 |
| Classification number | 511.5 |
| Author mark and year | GRA 2005 |
| 111 2# - MAIN ENTRY--MEETING NAME | |
| Meeting name or jurisdiction name as entry element | International Conference on the Theory and Applications of Graphs |
| Number of part/section/meeting | (7th : |
| Date of meeting | 1992 : |
| Location of meeting | Western Michigan University) |
| 9 (RLIN) | 198782 |
| 245 10 - TITLE STATEMENT | |
| Title | Graphs, combinatorics, algorithms and applications |
| Statement of responsibility, etc. | S Arumugam; B D Acharya; S B Rao |
| 260 ## - PUBLICATION, DISTRIBUTION, ETC. (IMPRINT) | |
| Place of publication, distribution, etc. | New Delhi : |
| Name of publisher, distributor, etc. | Wiley, |
| Date of publication, distribution, etc. | c2005 |
| 300 ## - PHYSICAL DESCRIPTION | |
| Pagination | 185, : |
| Illustrations | ill, ; |
| Size | 25 cm |
| 650 #0 - SUBJECT ADDED ENTRY--TOPICAL TERM | |
| Topical term or geographic name as entry element | Graph theory |
| Form subdivision | Congresses |
| 9 (RLIN) | 198783 |
| Topical term or geographic name as entry element | Combinatorial analysis |
| Form subdivision | Congresses |
| 9 (RLIN) | 54157 |
| Topical term or geographic name as entry element | Algorithms |
| Form subdivision | Congresses |
| 9 (RLIN) | 198784 |
| 700 ## - ADDED ENTRY--PERSONAL NAME | |
| Personal name | Arumugam, S |
| Personal name | Acharya B D |
| Personal name | Rao, S B |
| 942 ## - ADDED ENTRY ELEMENTS (KOHA) | |
| Source of classification or shelving scheme | Dewey Decimal Classification |
| Koha item type | Books |
| Lost status | Source of classification or shelving scheme | Damaged status | Not for loan | Collection code | Permanent Location | Current Location | Shelving location | Date acquired | Source of acquisition | Cost, normal purchase price | Total Checkouts | Full call number | Date last seen | Copy number | Koha item type |
|---|---|---|---|---|---|---|---|---|---|---|---|---|---|---|---|
| Dewey Decimal Classification | Not For Loan | Non-fiction | Central Library, University of Rajshahi | Central Library, University of Rajshahi | Reading Room | 29/07/2007 | Dhaka,Paragon Enterprise | 550.00 | 511.5 GRA 2005 | 22/03/2017 | C-1 | Books |